000 00751nam a2200181Ia 4500
008 100920s9999 xx 000 0 und d
082 _b103869
_a28 व 891 न 08
100 _aदेवळे शं रा.
245 _aरामायण महाभारतातील निवडक गोष्टी.
260 _bसाकेत,औरंगाबाद.
_c2008
300 _a48
_bसाधी
365 _b45
520 _aबा.वि.लघुकथा.
630 _aरामायण महाभारतातील निवडक गोष्टी.
650 _aबा.वि.लघुकथा.
730 _aरामायण महाभारतातील निवडक गोष्टी.
942 _cBOOK
999 _c744301
_d744298